[Event "RUS-ch 53rd"]
[Site "Samara"]
[Date "2000.06.21"]
[Round "5"]
[White "Poluljahov, Aleksandr"]
[Black "Ivanov, Sergey"]
[Result "1-0"]
[WhiteElo "2526"]
[BlackElo "2543"]
[Annotator "Ribli,Z"]
[PlyCount "143"]
[EventDate "2000.06.03"]
[EventType "swiss"]
[EventRounds "11"]
[EventCountry "RUS"]
[SourceTitle "CBM 078"]
[Source "ChessBase"]
[SourceDate "2000.10.18"]
[SourceVersion "1"]
[SourceVersionDate "2000.10.18"]
[SourceQuality "1"]

1. c4 Nf6 2. Nc3 e6 3. e4 {Die sogenannte Mikenas Variante ist eine der
schärfsten Varinte in der Englischen Eröffnung.} d5 {Diese traditionelle
Fortsetzung ist nicht schlecht, aber 3...c5 ist auch interessant.} 4. e5 d4 5.
exf6 dxc3 6. bxc3 Qxf6 7. Nf3 {Das ist die moderne Spielweise. Früher gab man
7.d4 e5 8.Nf3 den Vorzug, doch danach hat Weiß geringere Hoffnung auf
Eröffnungsvorteil.} e5 8. Bd3 {Das ist die Pointe des weißen Spiels - er zieht
(noch) nicht d2-d4, sondern beendet zuerst die Entwicklung des Königsflügels.}
Na6 (8... Bd6 9. O-O c6) 9. O-O Bd6 10. Bc2 {Mit diesem Zug verbessert Weiß
die Stellung seines Läufers und bereitet den Zug d2-d4 vor.} (10. Bb1 Bg4 11.
d4 Bxf3 12. Qxf3 Qxf3 13. gxf3 exd4 14. Re1+ Kd8 15. cxd4 c5 16. Be4 Kc7 17.
Rb1 Rab8 18. Be3 b6 19. d5 Rbe8 20. Rb3 Rhf8 21. Kf1 f5 22. Bb1 f4 {1/2-1/2
Vaganian,R-Schandorff,L/Bremen GER 1999 (34)}) (10. Re1) 10... Bg4 11. d4 Bxf3
(11... O-O-O $2 12. Bg5 $1 Bxf3 13. Bxf6 Bxd1 14. Bf5+ $1 $16 {1-0 Ftacnik,
L-Kveinys,A/Koszalin 1999/CBM 73/[Ribli] (19)}) 12. Qxf3 Qxf3 13. gxf3 {
Weiß hat zwar die schlechtere Bauernstruktur - gleich zwei Doppelbauern, aber
sein Läuferpaar ist stark, er hat Raumvorteil im Zentrum und der gegnerische
Springer steht schlecht auf a6.} exd4 {Mit diesem Zug hilft Schwarz dem Gegner,
seine Bauernstruktur zu gesunden. Aber wenn er schon nicht 13...0-0-0 spielen
möchte, muss er das Motiv 14.dxe5 Bxe5 verhindern.} (13... O-O-O {Diese alte
Fortsetzung scheint mir keineswegs schlechter als die Partiefortsetzung.} 14.
Rb1 (14. c5 Bf8 15. Bg5 f6 16. Be3 exd4 17. cxd4 Nb4 18. Bf5+ Kb8 19. Rfb1 Nd5
20. a4 g6 21. Be6 Bg7 22. c6 b6 23. a5 Nxe3 24. axb6 cxb6 25. fxe3 {1-0 Suba,
M-Pogorelov,R/Berga 1994/EXT 2000 (48)}) 14... c5 15. Be4 b6 16. dxe5 Bxe5 17.
Rb3 Nb8 18. Be3 Kc7 19. Rfb1 Nc6 20. Bd5 Rd7 21. f4 {1/2-1/2 Gelfand,
B-Jussupow,A/Erevan 1996/EXT 96ch2 (21)}) 14. Re1+ Kd8 (14... Kd7 15. Bf5+ Kd8
16. cxd4 c5 17. Bb2 Kc7 18. Kf1 cxd4 19. Bxd4 f6 $11 {1/2-1/2 Huebner,R-Stohl,
I/Baden 1999/CBM 71/[Ribli] (33)}) 15. Be4 {[%cal Re4b7,Rb7a6,Rb7a8]} (15. cxd4
) 15... Rb8 (15... c6 16. cxd4 $14) 16. cxd4 c5 17. Bb2 {[%cal Gb2h8]} (17. Be3
Kc7 18. Rab1 Rhd8 19. d5 b6 20. f4 Re8 21. Bd2 Re7 $6 (21... g6 $5 $11) 22.
Bxh7 $5 $14 {0-1 Milov,V-Dizdar,G/Dresden 1998/CBM 65_03/[Ribli] (39)}) 17...
Kc7 18. d5 {[%csl Ra6] Der Na6 steht sehr unglücklich, während sich das weiße
Läuferpaar großer Aktivität erfreut. Der Pg7 hängt zwar nicht wegen des Motivs
Rhg8, aber Weiß übt spürbar positionellen Druck am Königsflügel aus.} (18. dxc5
Nxc5 $11) 18... Rhe8 (18... Rbe8 19. Bf5 Nb8 20. Re4 Nd7 21. Bxd7 Kxd7 22. Rae1
Re7 23. Kf1 f6 24. h4 h5 25. Ke2 Rhe8 26. Kd3 Bc7 27. Bc3 Bd6 28. a4 Bc7 29.
Rb1 Kc8 30. Bd2 Bd6 31. a5 {1-0 Akopian,V-Sorokin,M/Dubai UAE 2000 (50)}) 19.
Rad1 {Damit verhindert Weiß zunächst den Zug 19...Be5, denn nun würde der
weiße d-Bauer nach 19...Be5 zu stark. Schwarz hat eine feste, aber etwas
passive Stellung.} g6 (19... Be5 $6 20. Bxe5+ Rxe5 21. d6+ Kd8 (21... Kd7 22.
f4 $16) 22. f4 $16) 20. Re3 Rbc8 $6 {Dieser Zug ist logisch: Schwarz möchte
die Stellung des Springers verbessern. Dennoch wäre es meiner Meinung nach
besser, zuerst den gegnerischen Plan zu stören.} (20... Bf4 $142 $5 $11) (20...
f5 21. Bc2 Bf4 $5) 21. Bc2 Nb8 (21... Bf4 22. Re4 $14) 22. Rde1 Rxe3 23. fxe3
$14 {Jetzt ist wieder alles mit der weißen Bauernstruktur in Ordnung, und dank
des Läuferpaares und des Raumvorteils steht Weiß etwas besser.} Nd7 {[%cal
Gd7e5]} 24. f4 f5 25. Kg2 Re8 26. Kf3 {[%csl Gf3] Der weiße König steht sehr
aktiv und verteidigt den Pe3.} a6 $6 {Dieser natürliche Zug ist ein kleiner
Fehler - Schwarz schwächt freiwillig seinen Damenflügel.} (26... Be7 {[%cal
Ge7f6]}) 27. Bd3 {Richtet sich gegen 27...b5.} Be7 28. Bc3 (28. h4 $2 Bxh4 29.
Rh1 Bf6 $17) 28... Bf6 29. Bd2 {Natürlich muss Weiß das Läuferpaar auf dem
Brett halten. Zudem verteidigt der Läufer den Pe3, und das wird sich im
Folgenden noch als wichtig erweisen.} Kd6 30. a4 $1 {Die positionelle Drohung
von Weiß ist 31.a5, wonach Schwarz Probleme am Damenflügel bekäme.} b6 31. Rb1
(31. h4 Bxh4 32. Rh1 Bf6 33. Rxh7 Rh8 {Das ist ein Übergang zur
Partiefortsetzung.}) 31... Rb8 32. h4 $1 {[%mdl 32] Ein typischer und starker
Plan - Weiß droht 33.h5, mit Initiative am Königsflügel.} Bxh4 (32... b5 $2 33.
cxb5 axb5 34. Bxb5 Kxd5 35. Be1 $18 {[%cal Rb1d1,Rd1d7]}) 33. Rh1 Bf6 34. Rxh7
{[%csl Gh7]} Rh8 {Schwarz muss den aktiven Turm abtauschen.} 35. Rxh8 Bxh8 {
Das Material ist bereits reduziert und es scheint, als sollte die Partie Remis
enden, aber Weiß behält hier immer die etwas besseren Chancen.} 36. e4 {
Das ist die einzige (und gute) Chance für Weiß, die Stellung öffnen.} fxe4+ 37.
Bxe4 {[%mdl 4096]} g5 $6 {Dieser Zug gefällt mir nicht - Schwarz schwächt
seine Stellung und verschafft Weiß damit aktives Spiel am Königsflügel. Ich
glaube, es wäre besser, die Stellung geschlossen zu halten.} (37... Nf8 38. Kg4
Bf6 39. Be1 $14 (39. a5 $14)) 38. Bf5 (38. fxg5 Ne5+ 39. Ke2 Nxc4 $11) 38...
gxf4 39. Bxf4+ Ne5+ $6 (39... Ke7 $5) (39... Be5 $2 40. Bxd7 Bxf4 41. Kxf4 Kxd7
42. Ke5 Ke7 (42... a5 43. d6 $18) 43. d6+ Kd7 44. Kd5 a5 45. Ke5 $18) 40. Ke4
a5 41. Bd7 $1 Bg7 (41... Kxd7 42. Bxe5 Bxe5 43. Kxe5 $18) 42. Bb5 {[%csl Gb5]
Der Läufer steht ausgezeichnet auf b5 - von hier aus verteidigt er die weißen
Bauern.} Bf6 43. Kf5 Bg7 44. Bh2 Bh8 {Schwarz hat nichts besseres, er kann in
dieser Stellung nur Bh8 und Bg7 ziehen.} 45. Bg3 {[%cal Gg3h4,Gh4d8]} Bg7 46.
Bh4 {Droht Eindringen des Läufers nach d8.} Nf3 47. Bd8 $16 Nd4+ 48. Ke4 Nxb5
49. cxb5 {Alle schwarzen Bauern am Damenflügel sind schwach.} c4 50. Bxb6 c3
51. Be3 {Das Schalgen des Pa5 war auch gut.} (51. Bxa5 c2 52. Bd2 Bb2 53. a5 (
53. b6) 53... c1=Q (53... Bc3 54. Bf4+ $18) 54. Bxc1 Bxc1 55. a6 Kc7 56. d6+
Kb6 57. Kf5 Ba3 58. Ke6 Bc5 59. d7 Kc7 60. a7 Bxa7 61. Ke7 Bc5+ 62. Ke8 $18)
51... c2 52. b6 Kd7 (52... Bb2 53. Bf4+ $18) 53. Bf4 {[%cal Rb6b7]} Kc8 54. Kd3
Kb7 55. Be3 c1=Q 56. Bxc1 Kxb6 57. Kc4 {Es sind zwar nur zwei Bauern gegen
einen, aber Schwarz steht vor großen Problemen. Der Pd5 ist stark und der Pa5
schwach.} Be5 58. Be3+ Ka6 59. Kc5 {[%cal Rc5c6]} Bg3 (59... Bb2 60. Kc6 Ba3
61. Bc5) 60. Bg5 (60. Kc6) 60... Be5 61. Kc6 Bg3 62. Bd8 {Weiß bereitet 63.Bc7
vor, danach muss der Bg3 die Diagonale b8-h2 verlassen und der d-Bauer kann
voranrüclen.} (62. d6 $4 Bxd6 63. Kxd6 Kb7 $11 {Der a-Bauer und der
"schlechte" schwarzfeldrige Läufer sind zu wenig für den Gewinn.}) 62... Bf4
63. Bc7 Bg5 64. d6 Bf4 65. d7 $18 {Der d-Bauer steht schon auf d7, Jetzt
gewinnt Weiß leicht.} Bg5 66. Bb6 Bh4 67. Kc7 Bg3+ 68. Kc8 Bh4 69. Bd8 Bf2 70.
Bf6 Bb6 71. Bg5 (71. Be5 $1 $18 {[%cal Re5c7]}) 71... Ka7 72. Bf4 {[%cal Rf4c7]
} (72. Be3 $6 Ka8 (72... Bxe3 73. d8=Q) 73. Bf4 $18 {[%cal Rf4c7]}) 1-0

[Event "Asia-ch 5th"]
[Site "Hyderabad"]
[Date "2005.10.13"]
[Round "7"]
[White "Ravi, Lanka"]
[Black "Sandipan, Chanda"]
[Result "1-0"]
[WhiteElo "2419"]
[BlackElo "2560"]
[Annotator "Ribli,Z"]
[PlyCount "55"]
[EventDate "2005.10.05"]
[EventType "swiss"]
[EventRounds "9"]
[EventCountry "IND"]
[SourceTitle "CBM 110"]
[Source "ChessBase"]
[SourceDate "2006.01.31"]
[SourceVersion "1"]
[SourceVersionDate "2006.01.31"]
[SourceQuality "1"]

1. c4 Nf6 2. Nc3 e6 3. e4 d5 {Das ist die üblich gespielte Fortsetzung, aber
die Alternative 3...c5 ist auch spielbar.} 4. e5 d4 5. exf6 dxc3 6. bxc3 Qxf6
7. Nf3 c5 {Dieser Zug wird selten gespielt: 7...e5 ist die eigentliche
Hauptvariante.} 8. Bd3 {Weiß vermeidet die Variante 8.d4 cxd4 9.Bg5 (9.cxd4
Bb4+ 10.Bd2 Bxd2 11.Qxd2 0-0) Qf5 10.cxd4 Bb4+ 11.Bd2 Nc6, wonach Schwarz
einfaches Spiel bekommt.} g5 $6 {Dieser Zug ist sehr weit entfernt von der
klassischen Schule... Schwarz schwächt seinen Königsflügel von selbst.} (8...
Bd6 9. Be4 O-O (9... Qe7) 10. d4 h6 11. O-O Nd7 $5 12. Rb1 Rb8 13. Re1 Rd8 14.
Be3 Qe7 $11 15. Qc1 Qf8 16. Bf4 b6 {1/2-1/2 Kharlov,A-Jakovenko,D/Batumi 2002/
(29)}) (8... Bd7 9. Be4 (9. Qe2 Bd6 10. Be4 Bc6 11. d4 $5 (11. Rb1 $5 Qe7 12.
O-O O-O 13. d4 Nd7 14. Bc2 $14 {Grant,J-Aarthie,R/Torquay,2002/CBM 91(1-0)
(Atlas,V)(21)}) 11... Bxe4 12. Qxe4 Nc6 13. Rb1 {[%csl Gb1,Rb7,Ge4][%cal Gb1b7,
Ge4a8]} Qe7 14. O-O h6 {1-0 Rechlis,G-Golod,V/Ashdod 2003/CBM 96 ext/ 52 Golod,
V.}) (9. O-O Bd6 10. Be4 Bc6 11. d3 h6 12. Rb1 Qe7 13. Re1 O-O 14. d4 Bxe4 15.
Rxe4 b6 16. d5 Nd7 {1/2-1/2 Nogueiras,J-Schilow,W/Santa Clara 2005/(21)}) 9...
Bc6 10. Qe2 Bxe4 $6 (10... Bd6 $142) 11. Qxe4 Nc6 12. Rb1 O-O-O 13. d4 Qg6 $6 (
13... Rd7 14. Bf4 Qg6 $4 (14... Bd6 $5) 15. Qxc6+ $3 {[%csl Rc8][%cal Gb1b8]
1-0 Benjamin,J-Gamboa,N/Philadelphia,1995}) 14. Qxg6 hxg6 15. Be3 cxd4 16. cxd4
Be7 17. Ke2 Rd7 18. Rhd1 Rhd8 19. Rd2 Bf6 20. Rbd1 {1-0 Kosten,A-Hinks Edwards,
T/West Bromwich 2004/(47)}) 9. h3 (9. Bc2 $5 g4 10. Ng1) 9... h5 $1 {Nach 8...
g5 ist das die konsequenteste Fortsetzung.} 10. h4 g4 11. Ng5 {Der Springer
scheint stark auf g5, aber nachfolgend erhält Schwarz Gegenspiel.} Qe5+ (11...
Nc6 12. O-O $36) 12. Be4 Bg7 $6 (12... f6 13. Qe2 Rg8 (13... fxg5 $4 14. Bg6+
$18) 14. Rb1 $1 (14. d4 cxd4 15. cxd4)) (12... f5 $5 13. d4 cxd4 14. cxd4 Qa5+
15. Bd2 Bb4 16. Bc2 Nc6 17. d5 $13) 13. O-O f5 $2 {[%mdl 8192] Aber jetzt es
ist schon zu spät.} {[#]} 14. Bd5 $1 {[%csl Re5,Re8][%cal Rf1e1,Re1e8] Ein
schöner Zug, auch wenn er nicht schwer zu finden ist. Wegen der Damenfesselung
auf der e-Linie verliert Schwarz seinen Schlüsselbauern und die Partie.} O-O (
14... exd5 15. Re1 $18) 15. Re1 Qc7 16. Nxe6 (16. Bxe6+) 16... Bxe6 17. Rxe6
$18 {[%csl Gd5,Rg8][%cal Rd5g8]} Kh7 18. Qf1 (18. d4 Nd7 19. Qd2 Nf6 20. Qg5
$18) (18. Qe2 $18) 18... Nc6 (18... Nd7 19. Ba3 Nf6 20. d4 $18) 19. Qe2 Qd7 20.
Ba3 {[%csl Ga3,Gd5,Ge2,Ge6][%mdl 2048] Weiß hat einen Bauern mehr und
ausgezeichnete Figurenspiel - sein d5B dominiert auf dem Brett.} Rfe8 (20...
Rae8 21. Bxc5 $18) 21. Qd3 $1 {[%csl Rf5][%cal Rd3h7]} Rxe6 22. Qxf5+ Kh8 23.
Bxe6 Qxd2 24. Qxh5+ Bh6 (24... Qh6 25. Qxh6+ Bxh6 26. Bxg4 $18) 25. Bxc5 {
[%cal Rc5e3,Re3h6,Re3d2]} g3 26. fxg3 (26. Rd1 $18) 26... Rd8 27. Kh2 b6 28.
Ba3 1-0

[Event "Bundesliga 0203"]
[Site "Germany"]
[Date "2003.01.11"]
[Round "8.3"]
[White "Pelletier, Yannick"]
[Black "Ribli, Zoltan"]
[Result "1-0"]
[WhiteElo "2587"]
[BlackElo "2568"]
[Annotator "Ribli,Z"]
[PlyCount "87"]
[EventDate "2002.10.19"]
[EventType "team-tourn"]
[EventRounds "15"]
[EventCountry "GER"]
[SourceTitle "CBM 093"]
[Source "ChessBase"]
[SourceDate "2003.04.01"]
[SourceVersion "1"]
[SourceVersionDate "2003.04.01"]
[SourceQuality "1"]
[WhiteTeam "Werder Bremen"]
[BlackTeam "Tegernsee"]
[WhiteTeamCountry "GER"]
[BlackTeamCountry "GER"]

1. c4 Nf6 2. Nc3 e6 3. e4 d5 {Die andere Hauptvariante ist 3...c5. Aber
heutzutage ist der Textzug populärer.} 4. e5 d4 5. exf6 dxc3 6. bxc3 Qxf6 7. d4
(7. Nf3 e5 8. Bd3 {Dieser Aufbau wird oft gespielt in der letzten Zeit.}) 7...
e5 (7... c5 8. Nf3 cxd4 9. Bg5 Qf5 10. cxd4 Bb4+ 11. Bd2 $14) 8. Nf3 exd4 9.
Bg5 (9. cxd4 Bb4+ $11) 9... Qe6+ (9... Qg6 $2 10. Bd3 Qh5 $2 11. Qe2+ (11. O-O
Bd6 12. Re1+ Be6 13. Re4 $18 {[%cal Re4h4,Rh4h5]}) 11... Be6 12. h3 $18 {
[%cal Rg2g4,Rg4h5]}) 10. Be2 Be7 (10... d3 11. O-O $1 f6 12. Bxd3 $16 {[%cal
Rf1e1,Re1e8]}) 11. cxd4 Bxg5 12. Nxg5 Qf6 (12... Qe7) 13. Ne4 $5 {Dieser
Springerzug scheint mir gefährlicher als die übliche Fortsetzung 13.Qd2.} (13.
Qd2 O-O 14. O-O Nc6 (14... Bf5 15. Rad1 Re8 {1/2-1/2 Stohl,I-Zarnicki,P/Moscow
1994/CBM 44 ext (15)}) 15. d5 (15. Nf3 Bg4 16. Rad1 Rad8 17. d5 Bxf3 18. Bxf3
Ne5 19. Be2 b6 20. Rfe1 Rfe8 21. Bf1 Nd7 22. Re3 Rxe3 23. Qxe3 Nc5 {0-1
Kasparov,G-Zarnicki,P/Internet ICC 1998/EXT 2003 (58)}) 15... Nd4 16. Bd3 Bf5
17. Bxf5 Nxf5 18. Ne4 Qg6 (18... Qh4 19. Rfe1 Rfe8 20. Qd3 Nd6 21. g3 Qe7 22.
Nxd6 Qxd6 {1/2-1/2 Bukal,V-Rosandic,D/Zadar 1995/EXT 2000 (28)}) 19. Rfe1 Rad8
20. Qf4 b6 21. a4 Nd6 22. Nxd6 Qxd6 23. Qxd6 Rxd6 24. a5 {1/2-1/2 Cramling,
D-Wiedenkeller,M/Stockholm 1993/EXT 97 (24)}) (13. Nf3 O-O 14. O-O Bf5 15. Qd2
Nd7 16. Qf4 c5 17. Rfe1 Rfe8 18. Bf1 h6 19. g4 Bh7 20. Qxf6 Nxf6 21. dxc5 Nxg4
22. Rxe8+ Rxe8 23. Nd4 Rd8 24. Rd1 Ne5 {0-1 Schweber,S-Zarnicki,P/Buenos Aires
1995/EXT 97 (47)}) 13... Qg6 (13... Qh4 $5 14. Bf3 O-O 15. O-O Nc6 16. Re1 Bf5
17. Ng3 Bg6 18. Bxc6 bxc6 19. Qd2 Rad8 20. f4 Qf6 21. Rad1 h5 $13 {Vilela,
J-Vera,R/Matanzas 1989/EXT 2002 (35)}) 14. Ng3 O-O 15. O-O Rd8 16. Rc1 Qf6 17.
d5 $14 {Die schwarze Stellung ist sehr fest, aber Weiß hat die bessere
Entwicklung und aktives Figurenspiel.} Na6 18. Nh5 Qe5 19. Bf3 (19. f4 Qe3+ 20.
Kh1 Re8 $11) 19... Nc5 20. Re1 Qd6 21. Qd4 f6 22. Re3 {[%mdl 2048]} Bd7 23. Bg4
Re8 (23... Bxg4 24. Qxg4 Rd7 25. Ng3 $16 {[%cal Gg3f5]}) (23... Be8 24. Rce1
$16) 24. Rg3 {[%cal Gg3g8] Die weißen Figuren stehen sehr aktiv am
Königsflügel.} Bxg4 (24... Ne4 $2 25. c5 Qe5 (25... Qe7 26. Bxd7 (26. Be6+ $18)
26... Qxd7 27. Qxe4 Rxe4 28. Nxf6+ $18 {[%cal Rf6d7,Rf6g8]}) 26. Qxe5 Rxe5 27.
Bxd7 Rxh5 28. Re3 $18) (24... Qe5 $6 25. Nxf6+ (25. Qxe5 Rxe5 26. Nxf6+ (26. f4
Re7 27. Nxf6+ gxf6 28. Bxd7+ Kh8 29. Bf5 $16) 26... gxf6 27. Bxd7+ Kh8 28. Bg4
Rae8 29. Kf1 $16) 25... gxf6 26. Bxd7+ Kh8 27. Qxe5 Rxe5 28. Bg4 Rae8 29. Kf1
$16) (24... Re4 25. Qxf6 $1 Qxf6 26. Nxf6+ gxf6 27. Bxd7+ Kh8 28. Bf5 $14) 25.
Rxg4 Kh8 26. Nxg7 Re5 27. f4 $2 {Dieser scheinbar aktive Zug schwächt ohne Not
den weißen Königsflügel.} (27. h4 $142 $1 h5 (27... Rg8 28. Nf5 $1 $16 {
Nach 28...Rxf5 kommt 29.Rxg8+ Kxg8 30.Qg4+.}) (27... Rf8 28. h5 Rf7 29. h6 $16)
28. Rg3 Ne4 (28... Rg8 29. Nxh5) 29. Rg6 $5 (29. Nxh5 $5 Nxg3 30. Nxg3 $14)
29... Kh7 30. f4 $1 Kxg6 31. fxe5 Qxe5 32. Qxe5 fxe5 33. Ne6 Rg8 34. Nxc7 $36)
27... Re4 28. Qc3 Rxf4 $2 (28... Qb6 $1 {[%cal Gb6g1]} 29. Kh1 Re2 $44 {
[%csl Gb6,Gc5,Ge2,Rg4,Rg7][%cal Gc5e4,Ge4c3,Ge4f2,Gf2g4,Gf2h1] Nach diesem Zug
hat Schwarz plötzlich ausgezeichnetes Figurenspiel.} 30. f5 Qb2 (30... Ne4 $2
31. Rxe4 Rxe4 32. Ne6 $18) 31. Qxb2 Rxb2 {[%cal Rc5d3,Rd3c1,Rd3f2,Rf2h1,Rf2g4]}
32. Rg3 Ne4 $17) 29. Rxf4 Qxf4 30. Nh5 Qe5 31. Qxe5 $1 (31. Nxf6 $5 Qxc3 32.
Rxc3 Rf8 33. Rf3 Kg7 34. Nh5+ Kg8 35. Rg3+ Kh8 36. Rg7 c6 37. Rc7 $18) 31...
fxe5 32. Rf1 $16 {[%csl Gf1][%cal Rf1f7][%mdl 4096] Das Endspiel ist besser
für Weiß - im Folgenden dringt der Turm auf die 7. Reihe ein.} Kg8 33. Rf5 Nd7
34. g4 Rc8 (34... Re8 35. Rg5+ Kh8 36. Rg7 Rd8 37. Re7 $16) 35. Rg5+ (35. Nf6+
Nxf6 36. Rxf6 $16) 35... Kh8 (35... Kf8 $5 36. Ng7 c6) 36. Rg7 Nf6 37. Re7 Nxh5
38. gxh5 {[%csl Rc8,Ge7,Rh8] Die schwarzen Figuren stehen sehr passiv.} h6 39.
Kf2 b5 40. c5 $18 (40. cxb5 $18) 40... Kg8 (40... Rd8 41. d6 cxd6 42. c6 $18)
41. Ke3 a5 42. Ke4 b4 43. Kxe5 a4 44. Ke6 (44. Ke6 b3 45. axb3 axb3 46. Kd7 b2
47. Re1 Rb8 48. Rb1 $18) 1-0

[Event "Biel GM 51st"]
[Site "Biel"]
[Date "2018.07.26"]
[Round "5"]
[White "Vachier Lagrave, Maxime"]
[Black "Georgiadis, Nico"]
[Result "1-0"]
[WhiteElo "2779"]
[BlackElo "2526"]
[Annotator "Roiz,M"]
[PlyCount "71"]
[EventDate "2018.07.22"]
[EventType "tourn"]
[EventRounds "10"]
[EventCountry "SUI"]
[EventCategory "20"]
[SourceTitle "CBM 186"]
[Source "ChessBase"]
[SourceDate "2018.09.14"]
[SourceVersion "1"]
[SourceVersionDate "2018.09.14"]
[SourceQuality "1"]

1. c4 Nf6 2. Nc3 e6 3. e4 d5 {The Mikenas Variation is becoming more and more
popular nowadays. In fact, almost all the top players play it with both
colours.} 4. e5 (4. cxd5 exd5 5. e5 Ne4 {is another major theoretical line.})
4... d4 5. exf6 dxc3 6. bxc3 Qxf6 7. Nf3 Nc6 (7... b6 $5 {was successfully
employed by Shakhriyar in the same event:} 8. Bd3 Bb7 9. Bc2 Bxf3 10. Qxf3 Qxf3
11. gxf3 Nd7 12. d4 c5 13. O-O cxd4 14. cxd4 Rc8 15. Bd3 Bd6 {Svidler,P -
Mamedyarov, Biel SUI 2018, was fine for Black.}) 8. d4 e5 {In general, this
advance often offers Black comfortable piece play. However, in this case White
obtains a serious advantage in development.} 9. Be2 (9. Bg5 Qg6 10. d5 Nb8 11.
h4 h6 12. h5 Qa6 13. Be3 Nd7 14. Bd3 Ba3 15. O-O Qd6 16. Nh4 O-O 17. Nf5 Qf6 {
Anand,V -Karjakin,S London ENG 2017, led to complex, double-edged play.}) 9...
exd4 10. Bg5 Qg6 11. O-O (11. cxd4 Bb4+ 12. Bd2 Bxd2+ 13. Qxd2 O-O 14. d5 {
(Moiseenko,V - Oganian,M Moscow 2017) hardly promises much:} Ne7 15. O-O Bh3
16. Qg5 Qxg5 17. Nxg5 Bf5 {Black is close to equality.}) 11... Be7 $2 {Perhaps,
Nico wasn't perfectly prepared for this theoretical line. In fact, after just
11 moves Black's position seems very difficult.} ({The correct move was} 11...
dxc3 $1 {even though the following exciting game might not attract the
followers in Hikaru's footsteps:} 12. Bd3 Qd6 13. Re1+ Be7 (13... Be6 $5 14.
Qb1 Qb4 15. Qc2 Qb2 {seems fine, but it isnot easy to play like this for a
human player.}) 14. c5 Qxc5 15. Bxe7 Nxe7 16. Re5 Qd6 17. Bb5+ Kf8 18. Qe2 f6
19. Rd1 fxe5 20. Nxe5 Bf5 21. Rxd6 cxd6 22. Nd7+ Kf7 (22... Bxd7 23. Bxd7 Nc6
24. Qf3+ Ke7 25. Qg4 $36) 23. Qc4+ Be6 24. Qf4+ Nf5 25. g4 Rad8 $2 ({It's hard
ot believe, but after} 25... c2 $1 26. gxf5 Bxd7 27. Bxd7 Rhc8 28. Qc1 Rc5 29.
Be6+ Kf8 {Black would have no risk!}) 26. gxf5 Bxd7 27. Bc4+ d5 28. Bxd5+ Kf6
29. Qd6+ Kxf5 30. Bc4 Rhe8 31. Bd3+ Kg5 32. h4+ Kh5 33. Qg3 Bg4 34. f3 Rd4 35.
Kf2 c2 36. Bxc2 Rf8 {1-0 (36) Dubov,D (2701)-Nakamura,H (2787) Moscow RUS 2018}
) 12. Bd3 $1 $146 {This is much stronger} ({than} 12. Bxe7 Nxe7 13. cxd4 O-O {
Foglieni,M - Fantinel,T Bratto 2016, was only slightly better for White.})
12... Qd6 {A sad necessity. Black has to move the queen again and again in
this game.} ({Even worse was} 12... Bf5 13. Bxf5 Qxf5 14. Bxe7 Nxe7 15. Re1 Qd7
16. Ne5 (16. Qxd4 $5 Qxd4 17. Nxd4 Kf8 18. Rad1 $36) 16... Qd8 17. Qg4 O-O 18.
Nd7 f5 19. Qxd4 Rf7 20. Rad1 $36) 13. Bxe7 Nxe7 14. cxd4 O-O 15. Re1 {White's
superiority in undeniable - he has both the powerful pawn centre and control
over the open file.} b6 ({It is worth paying attention to} 15... Bf5 $5 16. c5
Qf6 17. Rxe7 Bxd3 18. Rxc7 Be4 $14 {, but giving up a pawn is a difficult
decision.}) 16. c5 {The most energetic,} ({though} 16. Re3 Bb7 17. d5 Ng6 18.
Ng5 {also would have kept Black under serious pressure.}) 16... Qf6 {The best
practical decision.} ({After} 16... bxc5 17. dxc5 Qxc5 (17... Qf6 18. Be4 Rb8
19. Qa4 $16) 18. Rc1 Qd6 19. Ng5 Bf5 20. Bc4 $16 {despite the extra pawn,
Black is in big troubles.}) 17. Be4 c6 $6 {Till now Nico was defending well,
but this move offers White additional targets for attack.} ({A much better
move was} 17... Rb8 18. Qa4 Bf5 19. Qxa7 Bxe4 20. Rxe4 Nc6 $1 21. Qa3 Ra8 $14 {
Black's pieces are active, so converting the extra pawn into a full point
doesn't seem an easy task here.}) 18. cxb6 axb6 19. Qb1 $1 {Now White grabs
the pawn in a favourable situation.} Bf5 20. Qxb6 Bxe4 21. Rxe4 Qd6 (21... Nd5
22. Qc5 h6 23. a4 $16) 22. Qc5 Qxc5 23. dxc5 Nd5 {Black still has practical
drawing chances due to his powerful centralised knight.} 24. a4 g6 25. g3 Rfb8
26. Rc4 $1 {A decent prophylactic move.} Ra6 27. Nd4 Rb2 28. Ra3 Kg7 29. Rd3
Ne7 (29... Rb4 {was hardly any better:} 30. Rxb4 Nxb4 31. Ra3 Kf6 32. Rf3+ Ke5
33. Rf4 Kd5 34. Ne2 Kxc5 35. Rxf7 Rxa4 36. Rxh7 $16 {Despite the major
simplifications, White has excellent wining chances, as he can create
connected passers on the k-side.}) 30. Nf3 Nd5 $2 {A decisive mistake.} ({
It was necessary to cover the 7th rank} 30... Ra7 31. Ra3 h6 $16) 31. Ne5 Rb4
32. Rxb4 Nxb4 33. Rd7 $18 {The rest is easy.} Kg8 34. Nxf7 Ra5 35. Ng5 Rxc5 36.
Rd8+ 1-0